| 000 -ლიდერი |
| ფიქსირებული სიგრძის საკონტროლო ველი |
01322nam a2200253Ia 4500 |
| 001 - საკონტროლო ნომერი |
| საკონტროლო ველი |
22008 |
| 003 - საკონტროლო ნომრის იდენტიფიკატორი |
| საკონტროლო ველი |
GE_BSU |
| 005 - ბოლო ოპერაციის თარიღი და დრო |
| საკონტროლო ველი |
20220926115613.0 |
| 008 - ფიქსირებული სიგრძის მონაცემთა ელემენტები - ზოგადი ინფორმაცია |
| ფიქსირებული სიგრძის საკონტროლო ველი |
181216s1984||||ge |||||||||||||| ||geo|| |
| 040 ## - კატალოგიზაციის წყარო |
| Transcribing agency |
GE_BSU |
| 041 ## - ენის კოდი |
| Language code of text/sound track or separate title |
geo |
| 080 ## - უნივერსალური ათობითი კლასიფიკაციის ინდექსი |
| Universal Decimal Classification number |
821.111-31 მ-54 |
| 100 ## - მთავარი ჩანაწერი - პიროვნების სახელი |
| Personal name |
მელორი, ტომას |
| 9 (RLIN) |
14786 |
| 245 ## - ცნობა სათაურის შესახებ |
| Title |
ამბავი მეფე ართურის ზეობისა =THE TALE OF KING ARTHUR : |
| Remainder of title |
რომანი ნაწ. 2 / |
| Statement of responsibility, etc |
ტომას მელორი ; ინგ. თარგმნა ე. მაღრაძემ ; რედ. ნ. ქართველიშვილი. |
| 250 ## - გამოცემის ცნობა |
| Edition statement |
პირველი გამოცემა |
| 264 ## - წარმოების, გამოცემის, დისტრიბუციის და სხვა ცნობები |
| გამოცემის, წარმოების, დისტრიბუციის... ადგილი |
თბილისი : |
| გამოცემის, წარმოების, დისტრიბუციის... სახელწოდება |
ნაკადული, |
| გამოცემის, წარმოების, დისტრიბუციის... თარიღი |
1984. |
| 300 ## - ფიზიკური აღწერა |
| Extent |
277 გვ. ; |
| Dimensions |
21სმ. |
| 500 ## - ზოგადი შენიშვნა |
| General note |
15-საუკუნის ინგლისელი მწერლის ტომის მელორის ცნობილი სარაინდო რომანი |
| 653 ## - INDEX TERM--UNCONTROLLED |
| Uncontrolled term |
ამბავი მეფე ართურის ზეობისა |
| 700 ## - ADDED ENTRY--PERSONAL NAME |
| Personal name |
მაღრაძემ, ე. |
| Relator term |
მთარგმნელი |
| 9 (RLIN) |
14787 |
| 700 ## - ADDED ENTRY--PERSONAL NAME |
| Personal name |
ქართველიშვილი, ნ. |
| Relator term |
რედაქტორი |
| 9 (RLIN) |
7659 |
| 942 ## - ADDED ENTRY ELEMENTS (KOHA) |
| Koha item type |
წიგნი |
| Source of classification or shelving scheme |
|